| 000 | 00608cam a22002411 4500 | ||
|---|---|---|---|
| 001 | ne 64001104 | ||
| 003 | DLC | ||
| 005 | 20260227111759.0 | ||
| 008 | 890619s1963 xx 000 0 ara | ||
| 010 | _ane 64001104 | ||
| 035 | _a(OCoLC)23483410 | ||
| 040 |
_aDLC _cMiU _dDLC |
||
| 042 | _apremarc | ||
| 043 |
_aaw----- _af------ |
||
| 050 | 0 | 0 |
_aDT31 _b.F3 |
| 100 | 1 | _aFaraj, ʻIzz al-Dīn. | |
| 245 | 1 | 0 | _aMin ajl al-salām. |
| 260 | _c[1963] | ||
| 300 |
_a46 p. _c20 cm. |
||
| 500 | _aRomanized. | ||
| 651 | 0 |
_aMiddle East _xPolitics and government. |
|
| 651 | 0 |
_aAfrica _xPolitics and government. |
|
| 999 |
_c46971 _d46971 |
||